000 00637nam a2200217Ia 4500
005 20241129110236.0
008 241129s9999||||xx |||||||||||||| ||und||
020 _a978-1-032-64465-3
037 _aTB
040 _aARTS
_beng
_cARTS
041 _aeng
_2eng
084 _aV42.P1 R3
_qARTS
100 _aSamantha Ma Ka mei Au.
_9727556
245 0 _aJapan from koizumi to abe: do leaders matter in constitutional reform
_cSamantha Ma Ka mei Au.
260 _aUK
_bRoutledge
_c2022
300 _aviii,185p.
365 _aINR
_b1295
650 _aHistory-Iran
_9726418
942 _cTB
_hV42.P1 R3
999 _c1227855
_d1227855